Money raiser (Record no. 82969)

MARC details
000 -LEADER
fixed length control field 01049cab a22002055a 4500
001 - CONTROL NUMBER
control field L152452
008 - FIXED-LENGTH DATA ELEMENTS--GENERAL INFORMATION
fixed length control field 110309e20110219xxk 000 0 eng d
035 ## - SYSTEM CONTROL NUMBER
System control number (Sirsi) u152452
041 0# - LANGUAGE CODE
Language code of text/sound track or separate title eng
100 1# - MAIN ENTRY--PERSONAL NAME
Personal name Hewitson, Nigel
245 00 - TITLE STATEMENT
Title Money raiser
260 ## - PUBLICATION, DISTRIBUTION, ETC.
Date of publication, distribution, etc. 2011
490 ## - SERIES STATEMENT
Series statement Estates Gazette
Volume/sequential designation (1107) 19 February 2011, 88-90(3)
520 ## - SUMMARY, ETC.
Summary, etc. With the introduction of the Community Infrastructure Levy (CIL) discusses the consequences for developers. Describes how the system will work including the payment criteria and charging schedules. Notes how Section 106 agreements will remain but will be narrower in scope. Gives further advice to developers such as to ensure that the CIL is factored into Section 106 agreements to avoid charging twice and to consider how changes to the 106 regime might affect proposed planning obligations.
590 ## - LOCAL NOTE (RLIN)
Local note KA
650 24 - SUBJECT ADDED ENTRY--TOPICAL TERM
Topical term or geographic name entry element TOWN AND COUNTRY PLANNING ACT 1990 S106
651 #4 - SUBJECT ADDED ENTRY--GEOGRAPHIC NAME
Geographic name England and Wales
Chronological subdivision 1543-
690 ## - LOCAL SUBJECT ADDED ENTRY--TOPICAL TERM (OCLC, RLIN)
Topical term or geographic name as entry element ENVIRONMENTAL AND LAND CONSULTANCY-PLANNING AND DEVELOPMENT
942 ## - ADDED ENTRY ELEMENTS (KOHA)
Suppress in OPAC 0
Holdings
Withdrawn status Lost status Source of classification or shelving scheme Damaged status Not for loan Home library Current library Shelving location Date acquired Total Checkouts Full call number Barcode Date last seen Copy number Price effective from Koha item type
    Dewey Decimal Classification     London London Journal article 09/03/2011   L152452 152452-1001 06/08/2019 1 06/08/2019 Journal article